[Event "Winnipeg TNT April op"]
[Site "Winnipeg CAN"]
[Date "2009.04.21"]
[Round "3"]
[White "Campbell, Gary"]
[Black "Green, Aaron"]
[Result "0-1"]
[WhiteElo "1650"]
[BlackElo "1838"]
[PlyCount "73"]
[GameId "2160767910222938"]
[EventDate "2009.04.07"]
[EventType "swiss"]
[EventRounds "5"]
[EventCountry "CAN"]
[SourceTitle "EXT 2011"]
[Source "ChessBase"]
[SourceDate "2011.11.26"]
[SourceVersion "1"]
[SourceVersionDate "2011.11.26"]
[SourceQuality "1"]

1. d4 Nf6 2. c4 g6 3. Nc3 Bg7 4. e4 d6 5. Be2 O-O 6. Nf3 e5 7. O-O Nc6 8. d5 Ne7 9. Ne1 Nd7 10. Be3 f5 11. f3 f4 12. Bf2 g5 13. b4 Nf6 14. c5 h5 15. Rc1 Ng6 16. cxd6 cxd6 17. Nb5 b6 18. Nc7 Rb8 19. Ne6 Bxe6 20. dxe6 Qe7 21. Qb3 g4 22. Nd3 Rfc8 23. b5 Nf8 24. Nb4 Rxc1 25. Rxc1 Re8 26. Nc6 Qxe6 27. Bc4 d5 28. exd5 Qd6 29. Bh4 N8d7 30. Qd3 Kf7 31. Qf5 e4 32. fxe4 Rxe4 33. Nd8+ Kg8 34. Nb7 Qa3 35. d6+ Kh8 36. Rc2 Qb4 37. Bxf6 0-1

[Event "Winnipeg TNT April op"]
[Site "Winnipeg CAN"]
[Date "2009.04.21"]
[Round "3"]
[White "Czarny, Keith"]
[Black "Green, Leah"]
[Result "0-1"]
[WhiteElo "1659"]
[BlackElo "1200"]
[PlyCount "62"]
[GameId "2160767910222939"]
[EventDate "2009.04.07"]
[EventType "swiss"]
[EventRounds "5"]
[EventCountry "CAN"]
[SourceTitle "EXT 2011"]
[Source "ChessBase"]
[SourceDate "2011.11.26"]
[SourceVersion "1"]
[SourceVersionDate "2011.11.26"]
[SourceQuality "1"]

1. Nf3 Nc6 2. d4 d6 3. c4 e5 4. dxe5 Nxe5 5. Nxe5 dxe5 6. Qxd8+ Kxd8 7. Nc3 Nf6 8. Bg5 Bb4 9. e3 h6 10. Bxf6+ gxf6 11. Be2 c6 12. O-O Bxc3 13. bxc3 Kc7 14. Rad1 Be6 15. Rd2 Rad8 16. Rfd1 Rd7 17. h3 Rhd8 18. Rxd7+ Rxd7 19. Ra1 Rd2 20. Kf1 Rc2 21. a4 Rxc3 22. a5 Bxc4 23. Ra4 Bxe2+ 24. Kxe2 Rc5 25. Rh4 Rxa5 26. Rxh6 b5 27. Rxf6 b4 28. Rxf7+ Kb6 29. Rd7 Ra2+ 30. Rd2 b3 31. Kd1 b2 0-1

[Event "Winnipeg TNT April op"]
[Site "Winnipeg CAN"]
[Date "2009.04.21"]
[Round "3"]
[White "Einarsson, Ken"]
[Black "Rutter, Blair"]
[Result "1-0"]
[WhiteElo "1709"]
[BlackElo "1853"]
[PlyCount "143"]
[GameId "2160767910222940"]
[EventDate "2009.04.07"]
[EventType "swiss"]
[EventRounds "5"]
[EventCountry "CAN"]
[SourceTitle "EXT 2011"]
[Source "ChessBase"]
[SourceDate "2011.11.26"]
[SourceVersion "1"]
[SourceVersionDate "2011.11.26"]
[SourceQuality "1"]

1. d4 d5 2. c4 c6 3. Nc3 e6 4. Nf3 Bd6 5. Bg5 Ne7 6. c5 Bc7 7. e3 O-O 8. Bd3 Qe8 9. O-O f5 10. Ne2 Ng6 11. Bf4 e5 12. dxe5 Bxe5 13. Nxe5 Nxe5 14. Bc2 Nbd7 15. Qd4 Ng6 16. Bd6 Rf7 17. Ng3 Ndf8 18. f3 Ne6 19. Qd2 Nef8 20. e4 f4 21. Nh5 Ne5 22. exd5 Nc4 23. Qd4 Qe3+ 24. Qxe3 Nxe3 25. Rf2 Nxd5 26. g3 fxg3 27. hxg3 Ne6 28. Bb3 Nd4 29. Bxd5 cxd5 30. Nf4 Nf5 31. Nxd5 Nxd6 32. cxd6 Bd7 33. Rc1 Kf8 34. Rc7 Bc6 35. Rxf7+ Kxf7 36. Nc7 Rd8 37. Rd2 h6 38. Kf2 Kf6 39. f4 g5 40. Ke3 Rd7 41. Nd5+ Ke6 42. Ne7 gxf4+ 43. Kxf4 Bb5 44. Nf5 Rf7 45. g4 Bd7 46. Re2+ Kd5 47. Re7 Rxe7 48. dxe7 Ke6 49. Nxh6 Kxe7 50. g5 Be6 51. a3 Kd6 52. Ke4 b5 53. b4 Bd5+ 54. Kd4 Bc4 55. Nf5+ Ke6 56. Ne3 Be2 57. Kc5 Kf7 58. Nd5 Bf1 59. Nc7 Kg6 60. Nxb5 a6 61. Nc7 Kxg5 62. Kb6 Kf5 63. Nxa6 Ke5 64. b5 Kd5 65. a4 Kd6 66. Nb4 Kd7 67. Nc6 Kc8 68. Ka7 Bg2 69. Ne5 Kc7 70. b6+ Kc8 71. a5 Be4 72. a6 1-0

[Event "Winnipeg TNT April op"]
[Site "Winnipeg CAN"]
[Date "2009.04.21"]
[Round "3"]
[White "Greenberg, Harley"]
[Black "Magnusson, Saul"]
[Result "1/2-1/2"]
[WhiteElo "1773"]
[BlackElo "1540"]
[PlyCount "43"]
[GameId "2160767740941008"]
[EventDate "2009.04.07"]
[EventType "swiss"]
[EventRounds "5"]
[EventCountry "CAN"]

1. e4 Nf6 2. e5 Nd5 3. d4 d6 4. Nf3 dxe5 5. Nxe5 Nd7 6. Bc4 c6 7. Nxf7 Kxf7 8. Qh5+ g6 9. Bxd5+ cxd5 10. Qxd5+ e6 11. Qf3+ Qf6 12. Qe2 Qxd4 13. O-O Bd6 14. g3 Qe5 15. Qf3+ Qf5 16. Qd1 Bc5 17. Nc3 Nf6 18. Be3 b6 19. h3 Qxh3 20. Qf3 Bxe3 21. fxe3 Ke8 22. Rf2 {Drawn on White's offer.} 1/2-1/2

[Event "Winnipeg TNT April op"]
[Site "Winnipeg CAN"]
[Date "2009.04.21"]
[Round "3"]
[White "Kernetsky, Myron"]
[Black "Kaptsan, Aron"]
[Result "1/2-1/2"]
[WhiteElo "1956"]
[BlackElo "2071"]
[PlyCount "57"]
[GameId "2160767740941010"]
[EventDate "2009.04.07"]
[EventType "swiss"]
[EventRounds "5"]
[EventCountry "CAN"]

1. d4 Nf6 2. c4 e6 3. Nf3 c5 4. d5 b5 5. Bg5 exd5 6. cxd5 d6 7. e4 Be7 8. Bxb5+ Nbd7 9. Nc3 O-O 10. O-O h6 11. Bf4 Qb6 12. Qc2 Rb8 13. Rab1 Ba6 14. Bxa6 Qxa6 15. h3 Nh7 16. e5 Rfe8 17. Rfe1 Nhf8 18. exd6 Bxd6 19. Bxd6 Qxd6 20. Rxe8 Rxe8 21. Rd1 Ng6 22. Qf5 Ne7 23. Qd3 Ng6 24. Qf5 Nf6 25. g3 Ne5 26. Nxe5 Rxe5 27. Qc8+ Kh7 28. Qb7 Re7 29. Qc8 {Drawn on White's offer.} 1/2-1/2

[Event "Winnipeg TNT April op"]
[Site "Winnipeg CAN"]
[Date "2009.04.21"]
[Round "3"]
[White "Khedkar, Jay S"]
[Black "Green, Jim"]
[Result "1-0"]
[WhiteElo "1983"]
[BlackElo "1788"]
[PlyCount "87"]
[GameId "2160767910222941"]
[EventDate "2009.04.07"]
[EventType "swiss"]
[EventRounds "5"]
[EventCountry "CAN"]
[SourceTitle "EXT 2011"]
[Source "ChessBase"]
[SourceDate "2011.11.26"]
[SourceVersion "1"]
[SourceVersionDate "2011.11.26"]
[SourceQuality "1"]

1. e4 e5 2. f4 Bc5 3. Nf3 d6 4. Nc3 Nf6 5. Bc4 Nc6 6. d3 Bg4 7. Na4 Bb6 8. Nxb6 axb6 9. O-O O-O 10. c3 exf4 11. Bxf4 Ne5 12. Bxe5 dxe5 13. h3 Bxf3 14. Qxf3 Qe7 15. Rae1 b5 16. Bb3 c5 17. Kh1 Rad8 18. g4 Rd7 19. g5 Ne8 20. Qg3 Nd6 21. Bd5 Kh8 22. h4 f5 23. gxf6 Rxf6 24. Rxf6 Qxf6 25. d4 cxd4 26. cxd4 Re7 27. Qh3 Re8 28. Rf1 Qd8 29. dxe5 Rxe5 30. Rf4 h6 31. Qf3 Re8 32. b3 Kh7 33. Qd3 g6 34. h5 Qg5 35. hxg6+ Qxg6 36. Qf3 Re7 37. Rf6 Qg5 38. Rxd6 Qh4+ 39. Kg1 Qe1+ 40. Kh2 Qh4+ 41. Kg2 Qg5+ 42. Kh3 Qg7 43. Qf5+ Kh8 44. Rd8+ 1-0

[Event "Winnipeg TNT April op"]
[Site "Winnipeg CAN"]
[Date "2009.04.21"]
[Round "3"]
[White "Lauritson, Jim"]
[Black "Lipic, Stephen"]
[Result "1-0"]
[WhiteElo "1912"]
[BlackElo "1688"]
[PlyCount "36"]
[GameId "2160767910222943"]
[EventDate "2009.04.07"]
[EventType "swiss"]
[EventRounds "5"]
[EventCountry "CAN"]
[SourceTitle "EXT 2011"]
[Source "ChessBase"]
[SourceDate "2011.11.26"]
[SourceVersion "1"]
[SourceVersionDate "2011.11.26"]
[SourceQuality "1"]

1. d4 f5 2. Bg5 h6 3. Bh4 g5 4. Bg3 d6 5. e3 Bg7 6. Nc3 Nf6 7. h4 g4 8. Bc4 a6 9. a4 Nbd7 10. Nge2 Nh5 11. Qd3 Nb6 12. Bb3 e5 13. a5 Nd7 14. Qxf5 Ndf6 15. Qg6+ Kd7 16. dxe5 Nxg3 17. Nxg3 Ne8 18. e6+ Kc6 1-0

[Event "Winnipeg TNT April op"]
[Site "Winnipeg CAN"]
[Date "2009.04.21"]
[Round "3"]
[White "Menard, Trevor"]
[Black "Gibbons, Lorne"]
[Result "0-1"]
[WhiteElo "1306"]
[BlackElo "1235"]
[PlyCount "105"]
[GameId "2160767910222945"]
[EventDate "2009.04.07"]
[EventType "swiss"]
[EventRounds "5"]
[EventCountry "CAN"]
[SourceTitle "EXT 2011"]
[Source "ChessBase"]
[SourceDate "2011.11.26"]
[SourceVersion "1"]
[SourceVersionDate "2011.11.26"]
[SourceQuality "1"]

1. Nf3 Nc6 2. c4 e6 3. b3 Bc5 4. Bb2 Nf6 5. e3 a6 6. a4 Qe7 7. d4 Ba7 8. Nbd2 Qb4 9. Qc2 Bb6 10. Bc3 Qe7 11. g3 d5 12. Bg2 Ba5 13. O-O Bxc3 14. Qxc3 Qb4 15. Qd3 Bd7 16. e4 dxe4 17. Nxe4 Nxe4 18. Qxe4 Na5 19. Ne5 c6 20. Qe1 Qxe1 21. Rfxe1 Nxb3 22. Rad1 Na5 23. Nxd7 Kxd7 24. d5 Ke7 25. Re4 Rad8 26. f4 g6 27. g4 Nb3 28. f5 Nc5 29. Re3 Rd6 30. h4 Nxa4 31. fxe6 fxe6 32. Rde1 Nc5 33. dxe6 Rxe6 34. Bh3 Rxe3 35. Rxe3+ Kd6 36. Bg2 Rf8 37. Re1 Rf4 38. Rd1+ Kc7 39. Kh2 Rxg4 40. Kh3 Rxc4 41. Re1 Kd6 42. Rd1+ Ke7 43. Bf1 Re4 44. Rc1 Re5 45. Bg2 Nd3 46. Rb1 Rb5 47. Rd1 Nf4+ 48. Kh2 Rb2 49. Re1+ Re2 50. Rg1 a5 51. Kg3 Nxg2 52. Rxg2 Rxg2+ 53. Kxg2 0-1

[Event "Winnipeg TNT April op"]
[Site "Winnipeg CAN"]
[Date "2009.04.21"]
[Round "3"]
[White "Milord, Frank"]
[Black "Evans, Brian"]
[Result "0-1"]
[WhiteElo "1586"]
[BlackElo "1550"]
[PlyCount "68"]
[GameId "2160767910222946"]
[EventDate "2009.04.07"]
[EventType "swiss"]
[EventRounds "5"]
[EventCountry "CAN"]
[SourceTitle "EXT 2011"]
[Source "ChessBase"]
[SourceDate "2011.11.26"]
[SourceVersion "1"]
[SourceVersionDate "2011.11.26"]
[SourceQuality "1"]

1. e4 c5 2. Nf3 d6 3. d4 cxd4 4. Nxd4 Nf6 5. Nc3 a6 6. Bg5 e6 7. f4 Be7 8. Qf3 h6 9. Bh4 Qc7 10. O-O-O e5 11. Bxf6 Bxf6 12. Nd5 Qd8 13. fxe5 Bxe5 14. Bc4 Qg5+ 15. Qe3 Qxe3+ 16. Nxe3 Bf4 17. Rde1 Nc6 18. c3 Ne5 19. Bf1 Ng4 20. Ndc2 Nf2 21. Bc4 Nxh1 22. Rf1 Bxe3+ 23. Nxe3 O-O 24. Bd5 Ng3 25. hxg3 Rb8 26. Nc4 Be6 27. Nxd6 Bxd5 28. exd5 b5 29. b4 Rbd8 30. Nf5 Rfe8 31. d6 Kh7 32. Rd1 Re6 33. d7 g6 34. Nd6 Re7 0-1

[Event "Winnipeg TNT April op"]
[Site "Winnipeg CAN"]
[Date "2009.04.21"]
[Round "3"]
[White "Mundwiler, Les"]
[Black "Pottinger, Carl"]
[Result "1-0"]
[WhiteElo "2014"]
[BlackElo "1805"]
[PlyCount "106"]
[GameId "2160767910222947"]
[EventDate "2009.04.07"]
[EventType "swiss"]
[EventRounds "5"]
[EventCountry "CAN"]
[SourceTitle "EXT 2011"]
[Source "ChessBase"]
[SourceDate "2011.11.26"]
[SourceVersion "1"]
[SourceVersionDate "2011.11.26"]
[SourceQuality "1"]

1. c4 c5 2. Nc3 g6 3. e4 Bg7 4. d3 d6 5. h3 Nf6 6. Nge2 Nc6 7. Be3 O-O 8. Qd2 a6 9. Bh6 Rb8 10. Bxg7 Kxg7 11. g3 b5 12. b3 Ne5 13. Bg2 bxc4 14. dxc4 Qc7 15. f4 Ned7 16. O-O Bb7 17. Rad1 a5 18. g4 Bc6 19. Ng3 a4 20. g5 Ng8 21. Qb2 f6 22. Nd5 Bxd5 23. exd5 axb3 24. axb3 Rb4 25. Qc3 Rfb8 26. Rb1 Nb6 27. Be4 Qd7 28. f5 Qe8 29. fxg6 hxg6 30. Bc2 Nd7 31. Qd3 Ne5 32. Qe4 fxg5 33. Qe3 g4 34. hxg4 Nxg4 35. Qg5 N8f6 36. Rbe1 Rxb3 37. Nh5+ Kh8 38. Bxg6 Qxg6 39. Qxg6 Rg8 40. Qxg8+ Kxg8 41. Nxf6+ exf6 42. Re6 Rg3+ 43. Kh1 Ne3 44. Rfxf6 Nxc4 45. Rg6+ Rxg6 46. Rxg6+ Kf7 47. Re6 Ne5 48. Rxd6 c4 49. Re6 Nd7 50. Re3 Nb6 51. d6 Kf6 52. Kg1 Nd7 53. Kf1 Ne5 1-0

[Event "Winnipeg TNT April op"]
[Site "Winnipeg CAN"]
[Date "2009.04.21"]
[Round "3"]
[White "Trinidad, Kris"]
[Black "Ott, Richard"]
[Result "1-0"]
[WhiteElo "1558"]
[BlackElo "1459"]
[PlyCount "79"]
[GameId "2160767910222948"]
[EventDate "2009.04.07"]
[EventType "swiss"]
[EventRounds "5"]
[EventCountry "CAN"]
[SourceTitle "EXT 2011"]
[Source "ChessBase"]
[SourceDate "2011.11.26"]
[SourceVersion "1"]
[SourceVersionDate "2011.11.26"]
[SourceQuality "1"]

1. d4 d5 2. c4 e5 3. dxe5 d4 4. e3 Bb4+ 5. Bd2 dxe3 6. Bxb4 exf2+ 7. Ke2 Qxd1+ 8. Kxd1 fxg1=Q 9. Rxg1 Nc6 10. Bc3 Bg4+ 11. Kc2 Nge7 12. h3 Bf5+ 13. Kb3 O-O 14. Nd2 Ng6 15. g4 Be6 16. Re1 Rfd8 17. Re4 b5 18. a3 a5 19. Nf3 b4 20. Nd4 a4+ 21. Kc2 b3+ 22. Nxb3 axb3+ 23. Kxb3 Rd1 24. Kc2 Rad8 25. b4 Ncxe5 26. Bxe5 Nxe5 27. Rxe5 Bxc4 28. Re8+ Rxe8 29. Kxd1 Bb3+ 30. Kd2 g5 31. Bd3 Ba4 32. Rg3 Kg7 33. Bf5 h6 34. Kc3 Kf6 35. Kd4 Re5 36. Rf3 Rxf5 37. Rxf5+ Ke6 38. Kc5 Bc2 39. Rf2 Ba4 40. b5 1-0

[Event "Winnipeg TNT April op"]
[Site "Winnipeg CAN"]
[Date "2009.04.28"]
[Round "4"]
[White "Boron, Anthony"]
[Black "Mundwiler, Les"]
[Result "0-1"]
[WhiteElo "2012"]
[BlackElo "2014"]
[PlyCount "60"]
[GameId "2160767910222949"]
[EventDate "2009.04.07"]
[EventType "swiss"]
[EventRounds "5"]
[EventCountry "CAN"]
[SourceTitle "EXT 2011"]
[Source "ChessBase"]
[SourceDate "2011.11.26"]
[SourceVersion "1"]
[SourceVersionDate "2011.11.26"]
[SourceQuality "1"]

1. d4 d5 2. c4 e6 3. Nc3 c5 4. cxd5 exd5 5. Nf3 Nc6 6. Bf4 Nf6 7. e3 a6 8. a3 Bg4 9. Be2 Rc8 10. O-O c4 11. Ne5 Be6 12. h3 h6 13. Qa4 Qa5 14. Qxa5 Nxa5 15. Bh2 Nb3 16. Rad1 b5 17. f4 Bf5 18. g4 Bc2 19. Rde1 Nd2 20. Rf2 Nde4 21. Nxe4 Nxe4 22. Rff1 Bd6 23. Rc1 Bxe5 24. fxe5 Bb3 25. Rf4 Ke7 26. Bf3 c3 27. Bxe4 cxb2 28. Rxc8 Rxc8 29. Bb1 Rc1+ 30. Rf1 Bc4 0-1

[Event "Winnipeg TNT April op"]
[Site "Winnipeg CAN"]
[Date "2009.04.28"]
[Round "4"]
[White "Campbell, Gary"]
[Black "Wierda, John"]
[Result "0-1"]
[WhiteElo "1650"]
[BlackElo "1790"]
[PlyCount "62"]
[GameId "2160767910222950"]
[EventDate "2009.04.07"]
[EventType "swiss"]
[EventRounds "5"]
[EventCountry "CAN"]
[SourceTitle "EXT 2011"]
[Source "ChessBase"]
[SourceDate "2011.11.26"]
[SourceVersion "1"]
[SourceVersionDate "2011.11.26"]
[SourceQuality "1"]

1. d4 Nf6 2. c4 c5 3. d5 g6 4. Nc3 d6 5. e4 Bg7 6. Be2 O-O 7. Nf3 Na6 8. O-O Nc7 9. Bd2 a6 10. a4 Rb8 11. Re1 Bd7 12. Qc2 b5 13. axb5 axb5 14. cxb5 Nxb5 15. Nxb5 Bxb5 16. Bxb5 Rxb5 17. Bc3 Qb6 18. Nd2 Rb8 19. Nc4 Qc7 20. Qd3 Nd7 21. Bxg7 Kxg7 22. Ra3 f6 23. Rea1 Ne5 24. Nxe5 fxe5 25. Ra7 R8b7 26. R7a3 Rxb2 27. f4 Qb6 28. fxe5 c4+ 29. Qe3 Rb1+ 30. Rxb1 Qxb1+ 31. Kf2 Qb2+ 0-1

[Event "Winnipeg TNT April op"]
[Site "Winnipeg CAN"]
[Date "2009.04.28"]
[Round "4"]
[White "Gibbons, Lorne"]
[Black "Ott, Richard"]
[Result "0-1"]
[WhiteElo "1235"]
[BlackElo "1459"]
[PlyCount "42"]
[GameId "2160767910222951"]
[EventDate "2009.04.07"]
[EventType "swiss"]
[EventRounds "5"]
[EventCountry "CAN"]
[SourceTitle "EXT 2011"]
[Source "ChessBase"]
[SourceDate "2011.11.26"]
[SourceVersion "1"]
[SourceVersionDate "2011.11.26"]
[SourceQuality "1"]

1. d4 d5 2. c4 e5 3. dxe5 d4 4. Nf3 Nc6 5. b3 Bg4 6. Nbd2 Nge7 7. Bb2 Ng6 8. h3 Bxf3 9. Nxf3 Bb4+ 10. Nd2 Ncxe5 11. a3 Qe7 12. e3 Bxd2+ 13. Qxd2 Rd8 14. O-O-O dxe3 15. Qxe3 O-O 16. f4 Rxd1+ 17. Kxd1 Rd8+ 18. Kc2 Qd6 19. Be2 Nxc4 20. Bxc4 Nxf4 21. Qc3 Qg6+ 0-1

[Event "Winnipeg TNT April op"]
[Site "Winnipeg CAN"]
[Date "2009.04.28"]
[Round "4"]
[White "Green, Aaron"]
[Black "Wasserman, Arie"]
[Result "1/2-1/2"]
[WhiteElo "1838"]
[BlackElo "1674"]
[PlyCount "145"]
[GameId "2160767910222952"]
[EventDate "2009.04.07"]
[EventType "swiss"]
[EventRounds "5"]
[EventCountry "CAN"]
[SourceTitle "EXT 2011"]
[Source "ChessBase"]
[SourceDate "2011.11.26"]
[SourceVersion "1"]
[SourceVersionDate "2011.11.26"]
[SourceQuality "1"]

1. e4 e5 2. Nf3 Nc6 3. d3 h6 4. Nbd2 Nf6 5. g3 Bc5 6. Bg2 d6 7. O-O Bg4 8. h3 Bh5 9. c3 Nh7 10. a4 a5 11. Nb3 Bb6 12. g4 Bg6 13. Qe2 Nf6 14. Be3 Bxe3 15. Qxe3 O-O 16. Nh2 Nh7 17. f4 exf4 18. Qxf4 Ng5 19. Nf3 Nxf3+ 20. Qxf3 Ne5 21. Qe3 Re8 22. Nd2 d5 23. d4 Nc4 24. Nxc4 dxc4 25. Qe2 Qg5 26. Qxc4 Qe3+ 27. Kh2 Qd2 28. e5 Kh8 29. Rfd1 Qf4+ 30. Kh1 Rxe5 31. Qf1 Qxf1+ 32. Rxf1 Re2 33. Bxb7 Rb8 34. Bd5 Rbxb2 35. Rf3 Rh2+ 36. Kg1 Rhg2+ 37. Kf1 Rh2 38. Re3 Rbd2 39. Kg1 Rhe2 40. Rg3 f6 41. Kf1 Rh2 42. Kg1 Rb2 43. Bg2 Rbxg2+ 44. Rxg2 Rxh3 45. Rc1 Be4 46. Rh2 Rg3+ 47. Kf2 Rxg4 48. Rg1 Rf4+ 49. Ke3 g5 50. Rxh6+ Kg7 51. Rh2 Bc6 52. Rf2 Rh4 53. Rgf1 Re4+ 54. Kd3 Re6 55. Kd2 Be4 56. c4 f5 57. d5 Rd6 58. Kc3 c5 59. Rb2 Rh6 60. Rb7+ Kf8 61. Rb5 Rh3+ 62. Kb2 Rh2+ 63. Ka1 Bd3 64. Rf3 Bxc4 65. Rxf5+ Ke7 66. Rb7+ Kd6 67. Rb6+ Kc7 68. Rc6+ Kd7 69. Rxg5 Bxd5 70. Rxc5 Bb3 71. Rxa5 Ra2+ 72. Kb1 Rxa4 73. Rxa4 1/2-1/2

[Event "Winnipeg TNT April op"]
[Site "Winnipeg CAN"]
[Date "2009.04.28"]
[Round "4"]
[White "Green, Jim"]
[Black "Evans, Brian"]
[Result "0-1"]
[WhiteElo "1788"]
[BlackElo "1550"]
[PlyCount "42"]
[GameId "2160767910222953"]
[EventDate "2009.04.07"]
[EventType "swiss"]
[EventRounds "5"]
[EventCountry "CAN"]
[SourceTitle "EXT 2011"]
[Source "ChessBase"]
[SourceDate "2011.11.26"]
[SourceVersion "1"]
[SourceVersionDate "2011.11.26"]
[SourceQuality "1"]

1. e4 c5 2. Nf3 d6 3. Bb5+ Bd7 4. Bxd7+ Qxd7 5. O-O Nc6 6. Qe2 e6 7. Rd1 Nge7 8. d4 cxd4 9. Nxd4 a6 10. Be3 Rc8 11. f4 Qc7 12. c3 b5 13. Qf2 g6 14. f5 Nxd4 15. Bxd4 e5 16. Bb6 Qc6 17. f6 Ng8 18. Nd2 Nxf6 19. Qxf6 Qxb6+ 20. Kh1 Rg8 21. Nf3 Be7 0-1

[Event "Winnipeg TNT April op"]
[Site "Winnipeg CAN"]
[Date "2009.04.28"]
[Round "4"]
[White "Green, Leah"]
[Black "Greenberg, Harley"]
[Result "1/2-1/2"]
[WhiteElo "1200"]
[BlackElo "1773"]
[PlyCount "71"]
[GameId "2160767910222954"]
[EventDate "2009.04.07"]
[EventType "swiss"]
[EventRounds "5"]
[EventCountry "CAN"]
[SourceTitle "EXT 2011"]
[Source "ChessBase"]
[SourceDate "2011.11.26"]
[SourceVersion "1"]
[SourceVersionDate "2011.11.26"]
[SourceQuality "1"]

1. e4 c5 2. Nf3 Nc6 3. d4 cxd4 4. Nxd4 Nf6 5. Nc3 e5 6. Nxc6 bxc6 7. Bg5 Be7 8. Bxf6 Bxf6 9. Bc4 Rb8 10. Rb1 O-O 11. Qd6 Bb7 12. b4 Be7 13. Qxe5 Bf6 14. Qg3 d5 15. exd5 Re8+ 16. Ne2 cxd5 17. Bd3 Bc3+ 18. Kf1 d4 19. Nxc3 dxc3 20. Qh3 g6 21. Re1 Qg5 22. Re3 Qd5 23. Ke2 Qxa2 24. Re1 Ba6 25. Kf1 Rxe3 26. Qxe3 Bxd3+ 27. Qxd3 Qb2 28. b5 Qb4 29. Re5 Kg7 30. Re3 Qxb5 31. Qxb5 Rxb5 32. Rxc3 a5 33. Ra3 Kf6 34. c4 Rc5 35. Ke2 Kf5 36. Kf3 1/2-1/2

[Event "Winnipeg TNT April op"]
[Site "Winnipeg CAN"]
[Date "2009.04.28"]
[Round "4"]
[White "Kaptsan, Aron"]
[Black "Einarsson, Ken"]
[Result "1-0"]
[WhiteElo "2071"]
[BlackElo "1709"]
[PlyCount "63"]
[GameId "2160767910222955"]
[EventDate "2009.04.07"]
[EventType "swiss"]
[EventRounds "5"]
[EventCountry "CAN"]
[SourceTitle "EXT 2011"]
[Source "ChessBase"]
[SourceDate "2011.11.26"]
[SourceVersion "1"]
[SourceVersionDate "2011.11.26"]
[SourceQuality "1"]

1. d4 d5 2. c4 e6 3. Nc3 Nf6 4. Bg5 Be7 5. e3 b6 6. Nf3 Bb7 7. cxd5 Nxd5 8. Bxe7 Qxe7 9. Bb5+ c6 10. Bd3 O-O 11. O-O Nd7 12. Qd2 c5 13. Rac1 cxd4 14. exd4 Rac8 15. Ne4 N7f6 16. Ng3 h6 17. a3 Rfd8 18. Rfe1 Qd7 19. Ne5 Qd6 20. Rcd1 Ne7 21. Bb1 Qd5 22. f3 Rc7 23. Ne4 Nxe4 24. fxe4 Qd6 25. Qf2 f6 26. Nf3 Qc6 27. Qg3 Rcd7 28. Rc1 Qd6 29. Qf2 Qf4 30. g3 Qb8 31. Ba2 Kf7 32. Ne5+ 1-0

[Event "Winnipeg TNT April op"]
[Site "Winnipeg CAN"]
[Date "2009.04.28"]
[Round "4"]
[White "Khedkar, Jay S"]
[Black "Kernetsky, Myron"]
[Result "1/2-1/2"]
[WhiteElo "1983"]
[BlackElo "1956"]
[PlyCount "97"]
[GameId "2160767910222956"]
[EventDate "2009.04.07"]
[EventType "swiss"]
[EventRounds "5"]
[EventCountry "CAN"]
[SourceTitle "EXT 2011"]
[Source "ChessBase"]
[SourceDate "2011.11.26"]
[SourceVersion "1"]
[SourceVersionDate "2011.11.26"]
[SourceQuality "1"]

1. e4 e6 2. d4 d5 3. Nd2 Nf6 4. e5 Nfd7 5. Bd3 c5 6. c3 Nc6 7. Ne2 Rb8 8. O-O b5 9. Nf3 Be7 10. Re1 b4 11. Bd2 Qb6 12. Qc1 Ba6 13. Bxa6 Qxa6 14. Bg5 O-O 15. Bxe7 Nxe7 16. Qg5 Rfe8 17. Nf4 Ng6 18. Nh5 Qb6 19. h4 Qd8 20. Qg3 Qe7 21. Re3 Rec8 22. Nxg7 Kxg7 23. h5 cxd4 24. cxd4 Rc4 25. hxg6 hxg6 26. b3 Rc3 27. Rae1 Rbc8 28. Ng5 Rc1 29. Rxc1 Rxc1+ 30. Kh2 Rc3 31. f4 Rxe3 32. Qxe3 Nf8 33. g4 Qc7 34. Kg3 Qc2 35. Qf2 Qc3+ 36. Nf3 Nd7 37. Qd2 Qxd2 38. Nxd2 Nb8 39. Kf3 Nc6 40. Ke3 Kf8 41. Nf3 Ke7 42. Ng1 Kd7 43. Nf3 a5 44. Kd3 Na7 45. Nh4 Nb5 46. f5 gxf5 47. gxf5 Nc7 48. f6 Nb5 49. Nf3 1/2-1/2

[Event "Winnipeg TNT April op"]
[Site "Winnipeg CAN"]
[Date "2009.04.28"]
[Round "4"]
[White "Lauritson, Jim"]
[Black "Babb, Jeff"]
[Result "1-0"]
[WhiteElo "1912"]
[BlackElo "2076"]
[PlyCount "101"]
[GameId "2160767910222957"]
[EventDate "2009.04.07"]
[EventType "swiss"]
[EventRounds "5"]
[EventCountry "CAN"]
[SourceTitle "EXT 2011"]
[Source "ChessBase"]
[SourceDate "2011.11.26"]
[SourceVersion "1"]
[SourceVersionDate "2011.11.26"]
[SourceQuality "1"]

1. d4 Nf6 2. c4 c5 3. d5 b5 4. Nf3 Bb7 5. Qc2 e6 6. dxe6 fxe6 7. Nbd2 bxc4 8. Nxc4 Bxf3 9. gxf3 Nc6 10. e3 Be7 11. Bd2 O-O 12. Rd1 d5 13. Bc3 Nd7 14. Bh3 Kh8 15. Bxe6 Nb6 16. Nxb6 Qxb6 17. Bxd5 Nb4 18. Qe4 Nxd5 19. Rxd5 Bf6 20. Qd3 Bxc3+ 21. Qxc3 Rxf3 22. Rg1 Qf6 23. Qxf6 Rxf6 24. Rxc5 Ra6 25. a3 Rb8 26. Rc3 Rab6 27. b4 Rh6 28. Rc7 g6 29. Rxa7 Rxh2 30. Rg4 Rc8 31. Rd4 g5 32. b5 g4 33. Rxg4 Rh1+ 34. Ke2 Rb1 35. Rg5 Rb2+ 36. Kd3 Rxf2 37. Rh5 Rd8+ 38. Kc3 Rc8+ 39. Kb3 Kg8 40. Raxh7 Rc1 41. Rh1 Rcc2 42. Ka4 Rg2 43. Ka5 Rge2 44. R1h3 Rc3 45. a4 Ra2 46. R7h4 Kf7 47. b6 Rb2 48. Ka6 Rc8 49. b7 Rc6+ 50. Ka7 Rc5 51. Rh5 1-0

[Event "Winnipeg TNT April op"]
[Site "Winnipeg CAN"]
[Date "2009.04.28"]
[Round "4"]
[White "Lipic, Stephen"]
[Black "Magnusson, Saul"]
[Result "1-0"]
[WhiteElo "1688"]
[BlackElo "1540"]
[PlyCount "53"]
[GameId "2160767910222958"]
[EventDate "2009.04.07"]
[EventType "swiss"]
[EventRounds "5"]
[EventCountry "CAN"]
[SourceTitle "EXT 2011"]
[Source "ChessBase"]
[SourceDate "2011.11.26"]
[SourceVersion "1"]
[SourceVersionDate "2011.11.26"]
[SourceQuality "1"]

1. f4 Nf6 2. Nf3 g6 3. e3 Bg7 4. Be2 d6 5. O-O Nc6 6. Nc3 O-O 7. d3 Bg4 8. Qe1 Nb4 9. Bd1 d5 10. Ne2 Qd6 11. a3 Nc6 12. Ng3 Bxf3 13. Bxf3 e5 14. f5 Rae8 15. e4 Nd4 16. Bd1 dxe4 17. dxe4 Rd8 18. c3 Nc6 19. b4 Ne7 20. Bb3 gxf5 21. Nxf5 Nxf5 22. Rxf5 Qd3 23. Bg5 Rde8 24. Rxf6 Bxf6 25. Bxf6 Re6 26. Bc4 Qf1+ 27. Qxf1 1-0